ბათუმის შოთა რუსთაველის სახელმწიფო უნივერსიტეტის ბიბლიოთეკა

Неравенства (ბიბ.ჩანაწერი № 38840)

000 -LEADER
fixed length control field 00517nam a2200205Ia 4500
001 - CONTROL NUMBER
control field 5249
003 - CONTROL NUMBER IDENTIFIER
control field GE_BSU
008 - FIXED-LENGTH DATA ELEMENTS--GENERAL INFORMATION
fixed length control field 181216s||||||||xx |||||||||||||| ||und||
040 ## - CATALOGING SOURCE
Transcribing agency GE_BSU
080 ## - UNIVERSAL DECIMAL CLASSIFICATION NUMBER
Universal Decimal Classification number 512.13
100 ## - MAIN ENTRY--PERSONAL NAME
Personal name Блох, А.Ш., Трухан, Т.Л.
245 ## - TITLE STATEMENT
Title Неравенства
245 ## - TITLE STATEMENT
Statement of responsibility, etc. Ред. К. М.Лукашевич
260 ## - PUBLICATION, DISTRIBUTION, ETC.
Place of publication, distribution, etc. Минск
260 ## - PUBLICATION, DISTRIBUTION, ETC.
Name of publisher, distributor, etc. Народная Асвета
260 ## - PUBLICATION, DISTRIBUTION, ETC.
Date of publication, distribution, etc. 1972
300 ## - PHYSICAL DESCRIPTION
Extent 224с.22 см.
653 ## - INDEX TERM--UNCONTROLLED
Uncontrolled term Неравенства
942 ## - ADDED ENTRY ELEMENTS (KOHA)
Koha item type წიგნი
ეგზემპლარები
Withdrawn status Lost status Damaged status Not for loan Date acquired Barcode Date last seen Price effective from Koha item type
        2018-12-17 16137 2018-12-17 2018-12-17 წიგნი
        2018-12-17 16106 2018-12-17 2018-12-17 წიგნი